000 00651nam a2200193Ii 4500
003 JO-AjNU
008 230605s9999||||xx |||||||||||||| ||und||
040 _aJO-AjNU
_bara
_erda
_cJO-AjNU
041 _aara
050 1 4 _aZ7835.M6A2846 1985
100 3 _aابو زيد،بكر بن عبدالله ,
_eauthor
_913038
245 0 0 _aموارد ابن القيم في كتبه
264 3 1 _aالرياض :مكتبة المعارف ،1985
300 _a134ص
336 _atext
_btxt
_2rdacontent
337 _aunmediated
_bn
_2rdamedia
338 _avolume
_bnc
_2rdacarrier
650 4 _a الفقه الإسلامي -- بيبليوغرافيا. 
_913039
999 _aA3141
_c6709
_d6709